000 00934nam0a22002411 4500
001 rc\55727
005 20250620163011.0
035 _a(NLR Aleph) 005333049
090 _a6612334
_c6612334
100 _a20021216d1996 |||y0rusy50 ca
101 0 _arus
102 _aRU
105 _ay |||||||||
200 1 _aКраткие основы знаний по земледелию
_eПособие для фермеров Нечернозем. зоны
_f[В.В. Ивенин, к. с.-х. н.]
_gДеп. сел. хоз-ва и земел. реформы
210 _aН. Новгород
_cБ. и.
_d1996 (вып. дан. 1997)
215 _a26 с.
_d20
700 1 _aИвенин
_bВ. В.
_cд-р с.-х. наук, поэт
_f1958-
_gВалентин Васильевич
_9152459
_3RU\NLR\AUTH\770152497
801 0 _aRU
_bNLR
_gpsbo
801 1 _aRU
_bELAR
_2rusmarc
852 _aNLR
_j97-4/5957
942 _cBOOK
980 _aNB